[Event "Caplin British Online-ch Open 2020"]
[Site "Online"]
[Date "2021.01.02"]
[Round "8.7"]
[White "Finn, Peter"]
[Black "Toczek, Grzegorz"]
[Result "1-0"]
[WhiteElo "1959"]
[BlackElo "2271"]
[Annotator "TA"]
[PlyCount "127"]
[EventDate "2020.12.21"]
[EventType "swiss"]
[EventCountry "NET"]
[SourceTitle "playchess.com"]
[Source "ChessBase"]
[SourceQuality "1"]

{[%evp 14,127,33,15,25,18,23,9,40,0,16,2,0,0,12,-36,-27,-40,-32,-36,-29,-70,-11,-11,-12,-25,0,-8,0,0,0,0,0,0,0,0,0,0,6,0,25,11,12,17,94,86,147,143,143,146,147,143,172,135,150,131,156,115,156,154,154,154,148,147,137,145,223,195,319,315,331,270,462,400,1865,1831,1683,327,2341,1907,29959,29960,29959,29961,29957,29963,29964,29965,29974,29975,29973,29974,29972,29957,29945,12848,11278,10006,5197,2913,29970,29970,29970,388,29973,29974,29982,29981,29983,29976,29982,29983,29985,29986,29986,29987]} 1. e4 e5 2. Bc4 Nf6 3. d3 c6 4. Nf3 d6 5. a4 Be7 6. h3 O-O 7. O-O Nbd7 8. Nc3 b6 {C24: Bishop's Opening: 2...Nf6.} 9. d4 a6 {[#]} 10. Re1 $146 ({Predecessor:} 10. d5 c5 11. Re1 Ne8 12. Nh2 Bg5 13. Be3 g6 14. Qd2 Bxe3 15. Qxe3 f5 16. exf5 gxf5 {½-½ (42) Eisenbeiser,K (2000)-Kosmac,B (2209) Feffernitz 2013}) 10... Rb8 {The position is equal.} 11. d5 cxd5 12. Nxd5 Nxd5 13. Bxd5 Nf6 14. c3 Nxd5 15. Qxd5 Be6 16. Qd3 Qc7 17. Nd2 b5 (17... f5 $15) 18. axb5 $11 axb5 19. Nf1 b4 20. Ne3 Rfc8 {[%cal Rb4c3]} 21. Bd2 bxc3 22. Bxc3 Qb7 23. Ra5 Ra8 24. Rea1 Rxa5 25. Rxa5 Ra8 26. Nd5 Bd8 27. Rxa8 Qxa8 28. Qb5 $40 {[%cal Rb5e8][%mdl 128] White mounts an attack.} Kf8 (28... h6 $11) 29. Bb4 {White leaves nothing to chance now.} Be7 ({Black should play} 29... Bxd5 30. Bxd6+ (30. Qxd5 Qxd5 31. exd5 Ke7 $11) (30. exd5 Ke7 $11) 30... Be7) 30. Nxe7 $16 Kxe7 31. Qxe5 Qc6 32. Qd4 f6 33. Kh2 Kd7 34. f4 d5 35. e5 Qc4 36. Qa7+ Qc7 37. Qxc7+ Kxc7 38. exf6 gxf6 {[%mdl 4096] Endgame [#] KB-KB} 39. g4 f5 (39... d4 $16 {was called for.}) 40. Kg3 $18 Kd7 {[#]} (40... d4 $142) 41. Kh4 $1 {[%cal Rh4g5]} Ke8 42. Kg5 fxg4 $2 (42... Bd7 43. gxf5 d4) 43. hxg4 d4 (43... Bc8 $142 44. f5 Kf7) 44. f5 Bc4 45. Kf4 $2 (45. Kf6 Be2 46. g5) 45... Kf7 (45... h6 46. Bc5 d3) 46. Ke5 Be2 47. g5 d3 48. Bd2 Bd1 49. b4 Ba4 50. Kd4 Bb5 51. Kc5 Bd7 52. f6 Ke6 53. Kc4 Be8 54. Kxd3 Kd5 55. Kc3 Bf7 56. Kb3 Kc6+ 57. Ka4 Bc4 58. Ka5 {Threatens to win with b5+!} Kb7 $2 (58... Bd5 $18 59. b5+ Kd6) 59. b5 {[%cal Bb4b5,Bb5b6][%mdl 32] White mates.} Bf7 60. Be3 Be8 61. Kb4 Bf7 62. Kc5 Be8 63. b6 Bf7 64. Kd6 {Weighted Error Value: White=0.22/Black=0.57} 1-0

[Event "Caplin British Online-ch Open 2020"]
[Site "Online"]
[Date "2021.01.02"]
[Round "8.8"]
[White "Varney, Zoe"]
[Black "Hebden, Mark L"]
[Result "0-1"]
[WhiteElo "1917"]
[BlackElo "2453"]
[Annotator "TA"]
[PlyCount "54"]
[EventDate "2020.12.21"]
[EventType "swiss"]
[EventCountry "NET"]
[SourceTitle "playchess.com"]
[Source "ChessBase"]
[SourceQuality "1"]

{[%evp 14,54,20,8,45,5,14,14,3,9,8,-13,0,-80,-91,-62,-28,-105,-106,-130,-112,-127,-125,-284,-95,-275,-189,-200,-203,-247,-189,-352,-347,-387,-388,-561,-562,-731,-716,-29988,-29989,-29992,-29993]} 1. e4 e5 2. Nf3 Nc6 3. Bc4 Nf6 4. Ng5 d5 5. exd5 Na5 6. Bb5+ Bd7 7. Qe2 Be7 8. Nc3 O-O {C58: Two Knights: 4 Ng5 d5 5 exd5 Na5 sidelines.} (8... Bxb5 {feels hotter.} 9. Qxb5+ c6 10. dxc6 Nxc6 11. Nf3 O-O) 9. Nf3 Bxb5 10. Qxb5 c6 {The position is equal.} 11. dxc6 Nxc6 12. d3 a6 13. Qa4 ({Wrong is} 13. Qxb7 $2 Na5 $19) (13. Qb3 $1 $11) 13... b5 $17 {[%mdl 1024] Black has strong compensation.} 14. Qh4 {[#]} Rc8 $146 ({Predecessor:} 14... Nb4 15. O-O Nxc2 16. Rb1 b4 17. Nd1 Nd4 18. Nxd4 exd4 19. Bg5 h6 20. Bxf6 Bxf6 {½-½ (59) Padeiro,J (2292)-Romanishin,O (2456) Figueira da Foz 2016}) 15. Be3 (15. O-O $11 {remains equal.}) 15... Nd5 $36 {[%mdl 2048] Black is really pushing.} 16. Bg5 f6 17. Bd2 Ndb4 18. Rc1 {[#]} (18. O-O $17) 18... Nd4 $2 (18... Nxc2+ $1 $19 {[%mdl 512] is more deadly.} 19. Rxc2 Nb4 {[%mdl 64] Double Attack}) 19. Kd1 $2 (19. O-O $17 {is a better defense.}) 19... Nbxc2 20. Nxd4 Nxd4 ({And not} 20... exd4 21. Nxb5 f5 22. Qh3 $11) 21. Qe4 Kh8 22. f4 $2 (22. Nd5) 22... f5 $19 23. Qxe5 {intending Nd5.} Bf6 24. Qe3 (24. Qd5 {was the only chance.} Rxc3 25. Qxd8 Rxc1+ 26. Kxc1 Rxd8 27. Re1) 24... Re8 25. Qh3 b4 {Hoping for ...Qa5.} 26. Nb1 Rxc1+ 27. Bxc1 Qc7 {[%csl Gd4][%cal Rc7c2] Weighted Error Value: White=1.04/Black=0.21} 0-1

[Event "Caplin British Online-ch Open 2020"]
[Site "Online"]
[Date "2021.01.02"]
[Round "8.9"]
[White "Toma, Katarzyna"]
[Black "Gurner, Jem"]
[Result "1/2-1/2"]
[WhiteElo "2289"]
[BlackElo "1800"]
[Annotator "TA"]
[PlyCount "173"]
[EventDate "2020.12.21"]
[EventType "swiss"]
[EventCountry "NET"]
[SourceTitle "playchess.com"]
[Source "ChessBase"]
[SourceQuality "1"]

{[%evp 10,173,14,8,48,46,60,35,57,51,47,50,59,63,72,63,64,49,68,66,59,20,23,14,35,25,31,27,45,39,39,42,37,45,58,58,68,62,82,81,81,81,88,88,120,87,95,98,109,63,93,68,106,79,56,14,35,25,34,0,0,0,0,0,0,0,8,8,37,8,8,8,8,8,8,8,8,8,8,0,0,0,8,8,8,8,8,8,8,8,8,8,8,8,8,8,8,8,8,0,8,8,8,8,8,8,8,8,29974,29968,29981,29981,29981,29982,29982,29969,29969,29969,29970,29968,29965,29967,29960,29981,29981,29982,29982,29983,29983,0,29982,29983,29983,29968,29964,29965,29960,8,8,8,8,0,0,0,8,8,8,8,8,8,8,8,8,8,8,0,8,8,8,8,8,0,8,0,0,0]} 1. e4 g6 2. d4 Bg7 3. Nf3 d6 4. c3 Nf6 5. Qc2 O-O 6. Be2 Bg4 {B06: Modern Defence.} 7. O-O c6 {[#]} 8. Be3 $146 ({Predecessor:} 8. Bg5 Re8 9. Nbd2 Qc7 10. h3 Bxf3 11. Bxf3 Nbd7 12. Rfe1 c5 13. d5 b5 14. Be2 {1-0 (44) Stadler,H (1740)-Wimmer,J (1788) Germany 2006}) 8... Qc7 {White is slightly better.} 9. h3 Bxf3 10. Bxf3 e5 11. dxe5 dxe5 12. a4 Nbd7 13. Rd1 Rfe8 14. Na3 Bf8 15. Rd2 Nc5 16. Rad1 Ne6 17. Nc4 b6 18. b4 Rad8 19. Rxd8 Rxd8 20. Rxd8 Nxd8 21. Qd3 Be7 22. Bd1 Ne6 23. g3 Qd7 24. Qxd7 ({But not} 24. Nxe5 Qxd3 25. Nxd3 Nxe4 $11) 24... Nxd7 25. Bg4 Nef8 26. h4 f6 27. Bd1 Kf7 28. Bb3 Ke8 29. Nb2 Kd8 30. Nd3 Kc7 31. f4 exf4 32. Bxf4+ Bd6 33. Kf2 Ne5 34. Ke3 Nxd3 35. Kxd3 Bxf4 36. gxf4 $11 {[%mdl 4096] Endgame KB-KN} Kd6 37. Ke3 h6 38. Kf3 Nd7 39. Bf7 g5 40. h5 Ke7 41. Bb3 c5 42. Kg4 gxf4 43. Kxf4 Ne5 44. Bd5 cxb4 45. cxb4 {Kf5 is the strong threat.} Kf8 46. Kf5 Kg7 47. a5 {Threatening a6.} Nd3 $1 48. axb6 axb6 49. b5 Nc5 50. Bc4 {With the idea Bd5.} Nd7 51. Ke6 Nc5+ 52. Kd5 {next Be2 is good for White.} Kf8 53. Be2 Ke7 54. Bg4 Na4 55. Kc6 {White wants to play Bd1.} Kf7 56. Bd1 Nc3 57. Bc2 (57. Bb3+ {looks sharper.} Ke7 58. Bd5 Kd8 59. Bf7 Nxe4 60. Bg6) 57... Ke6 58. Kxb6 Ke5 $2 {[%mdl 8192]} (58... Nxb5 $11 59. Kxb5 Ke7 60. Kc6 Ke6 61. Kb5 Ke5 62. Kc5 Ke6 63. Kc6 Ke7) 59. Kc6 Nxb5 60. Kxb5 {KB-KPP} Kf4 61. Kc5 Kg5 62. Kd5 Kxh5 63. Ke6 Kg5 64. Bd1 Kf4 65. Kd5 $1 Ke3 66. Bg4 Kf4 67. Bh5 Kg5 {[#]} 68. Ke6 $1 Kf4 69. Kd5 $2 (69. Bg6 Kg5 70. Kf7 h5 71. Bxh5 $1 {[%mdl 512]} Kf4 72. Bg6 Ke5 73. Bf5 Kd4 74. Kxf6) 69... Ke3 $2 {[%mdl 8192]} (69... Kg5 $11 70. Ke6 Kf4 71. Bg6 h5 72. Kxf6 h4 73. e5 h3 74. Be8 (74. e6 h2 $16) 74... Ke4 75. Bc6+ Kd4) 70. Bg6 Kf4 71. Kd4 Kg5 72. Bf5 Kf4 {[#]} 73. Bh3 $2 (73. Kd3 $1 {mates} Kf3 74. Bg6 Kf4 75. Ke2 Kg3 76. Ke3 Kg4 77. Be8 h5 78. Bg6) 73... h5 {The position is equal.} 74. Bg2 h4 75. Kd5 Kg3 76. Bf1 Kf2 77. Bh3 Kg3 78. Bf5 Kf4 79. Bd7 Kf3 80. Bc8 Kf4 81. Bf5 Ke3 82. Bd7 Kf4 83. Kd4 Kf3 84. Kd3 Kf4 85. Bf5 {Hoping for Ke2.} Kf3 86. Bh3 Kg3 87. Bf5 {White really could win this.  Weighted Error Value: White=0.08/Black=0.17} 1/2-1/2

[Event "Caplin British Online-ch Open 2020"]
[Site "Online"]
[Date "2021.01.02"]
[Round "8.10"]
[White "Volovich, Julia"]
[Black "Villiers, Thomas"]
[Result "1/2-1/2"]
[WhiteElo "1674"]
[BlackElo "2161"]
[Annotator "NA RC"]
[PlyCount "34"]
[EventDate "2020.12.21"]
[EventType "swiss"]
[EventCountry "NET"]
[SourceTitle "playchess.com"]
[Source "ChessBase"]
[SourceQuality "1"]

1. d4 {[%emt 0:00:00]} Nf6 {[%emt 0:00:00]} 2. c4 {[%emt 0:00:00]} Nc6 {[%emt 0:00:00]} 3. Nf3 {[%emt 0:00:00]} e6 {[%emt 0:00:00]} 4. Nc3 {[%emt 0:00:00]} Bb4 {[%emt 0:00:00]} 5. Qc2 {[%emt 0:00:00]} d5 {[%emt 0:00:00]} 6. a3 {[%emt 0:00:00]} Bxc3+ {[%emt 0:00:00]} 7. Qxc3 {[%emt 0:00:00]} Ne4 {[%emt 0:00:00]} 8. Qc2 {[%emt 0:00:00]} O-O {[%emt 0:00:00]} 9. e3 {[%emt 0:00:00]} f5 {[%emt 0:00:00]} 10. Bd3 {[%emt 0:00:00]} Bd7 {[%emt 0:00:00]} 11. b4 {[%emt 0:00:00]} Be8 {[%emt 0:00:00]} 12. b5 {[%emt 0:05:24]} Ne7 $16 {[%emt 0:00:00]} 13. a4 {[%emt 0:03:13]} Bh5 {[%emt 0:00:00]} 14. Ne5 {[%emt 0:05:21]} Ng6 {[%emt 0:00:00]} 15. Nxg6 {[%emt 0:06:06]} Bxg6 {[%emt 0:00:00]} 16. Ba3 {[%emt 0:00:47]} Rf7 {[%emt 0:00:00]} 17. O-O {[%emt 0:02:54]} Qg5 {[%emt 0:00:27]} 1/2-1/2

[Event "Caplin British Online-ch Open 2020"]
[Site "Online"]
[Date "2021.01.02"]
[Round "8.11"]
[White "Stubbs, Oliver"]
[Black "Evans, Harry G"]
[Result "1-0"]
[WhiteElo "1905"]
[BlackElo "2035"]
[Annotator "TA"]
[PlyCount "41"]
[EventDate "2020.12.21"]
[EventType "swiss"]
[EventCountry "NET"]
[SourceTitle "playchess.com"]
[Source "ChessBase"]
[SourceQuality "1"]

{[%evp 17,41,15,31,31,43,44,56,42,198,207,202,-320,200,183,297,259,412,417,491,501,498,483,499,463,434,443]} 1. d4 Nf6 2. Nf3 d5 3. Bf4 e6 4. e3 Bd6 5. Bg3 O-O 6. Nbd2 Qe7 7. Bd3 c5 8. c3 Nc6 9. Ne5 Nd7 10. Nxd7 {D02: 1 d4 d5 2 Nf3 sidelines, including 2...Nf6 3 g3 and 2...Nf6 3 Bf4.} Bxd7 {10...Bxd7 was played by the boomers.} 11. Bxd6 Qxd6 12. dxc5 {White is slightly better.} Qxc5 {[#]} (12... Qc7 $14) 13. Bxh7+ $1 $18 {[%mdl 512]} Kxh7 {[#]} 14. Qh5+ $1 Kg8 {[#] ...Qb5 is the strong threat.} 15. Ne4 $1 {[%cal Re4c5][%mdl 576] Pin} Qc4 {[#]} (15... g6 {was called for.} 16. Nxc5 gxh5) 16. Ng5 $1 $40 {[%csl Gg5][%cal Rh5h7][%mdl 128] White is out for blood.} Qd3 (16... Rfe8 $142) 17. e4 $1 Qxe4+ 18. Nxe4 {White is clearly winning.} dxe4 19. O-O-O {[#]} Rad8 $146 ({Predecessor:} 19... Rfd8 20. Rhe1 f5 21. Re3 Be8 22. Rxd8 Rxd8 23. Qh4 Rd7 24. Rh3 Bg6 25. Qh8+ Kf7 {1-0 (46) Tiwari,S (1770)-Sapaev,M (2250) Bhopal 2019}) 20. Rhe1 f5 21. f3 {Weighted Error Value: White=0.03/Black=0.83} 1-0

[Event "Caplin British Online-ch Open 2020"]
[Site "Online"]
[Date "2021.01.02"]
[Round "8.12"]
[White "Wille, Thomas"]
[Black "Idle, Oscar"]
[Result "1-0"]
[WhiteElo "2048"]
[BlackElo "1722"]
[Annotator "TA"]
[PlyCount "63"]
[EventDate "2020.12.21"]
[EventType "swiss"]
[EventCountry "NET"]
[SourceTitle "playchess.com"]
[Source "ChessBase"]
[SourceQuality "1"]

{[%evp 9,62,25,25,16,19,16,19,-9,0,-25,-14,-18,36,0,0,-60,47,-8,1,-58,-48,-60,-53,-59,-3,-51,-41,-38,-64,-56,-30,-31,0,0,41,41,39,-18,-19,-141,0,-7,0,-4,16,19,32,-38,99,90,151,108,63,61,29999]} 1. e4 c6 2. Nc3 d5 3. Nf3 Nf6 4. e5 Ne4 5. Ne2 Qb6 {[%csl Ge4][%cal Rb6f2] [#]} 6. d4 $1 {B11: Caro-Kann: Two Knights Variation.} e6 7. Ng3 $1 {7.Ng3 scores better than 7.Nfg1.} c5 8. Bd3 {The position is equal.} Nxg3 $1 9. fxg3 (9. hxg3 {keeps more tension.} cxd4 10. Ng5 Nc6 11. Nxh7 Bd7 12. Nf6+) 9... Nc6 10. O-O {next Ng5 is good for White.} h6 (10... cxd4 $11 11. a3 g6) 11. g4 Bd7 ({Much worse is} 11... Nxd4 $6 12. Nxd4 cxd4 13. Qf3 $16) 12. c3 {[#]} (12. dxc5 $11 Bxc5+ 13. Kh1) 12... O-O-O $146 (12... cxd4 $15 13. Kh1 dxc3 14. bxc3 Qc7) ({Predecessor:} 12... cxd4 13. cxd4 Nxd4 14. Kh1 Bc5 15. b4 Be7 16. Be3 O-O 17. Bxd4 Qxb4 18. Rb1 Qa3 19. Rxb7 {1-0 (37) Svane,F (2421)-Tarini,G (2164) chess.com INT 2020}) 13. a4 ({White should play} 13. dxc5 $14 Bxc5+ 14. Kh1) 13... f6 14. Kh1 (14. exf6 $11 cxd4 15. cxd4 gxf6 16. Bb5) 14... fxe5 $15 15. a5 Qc7 {aiming for ...e4.} 16. dxe5 g5 ({And not} 16... Nxe5 17. Nxe5 Qxe5 18. Bf4 $16) (16... Nxa5 $15 17. Be3 Nc6) 17. a6 b6 18. Qe2 Bg7 {[%cal Rc6e5]} 19. Re1 Rdf8 20. Bb5 Be8 21. Bxc6 Qxc6 22. b4 $1 c4 23. Be3 (23. Nd4 $14 Qd7 24. b5) 23... Bg6 $11 24. b5 (24. Bf2 $11) 24... Qc7 (24... Qxb5 $17 {White must now prevent ...Be4.} 25. Qa2 Be4) 25. Bg1 (25. Nd4 $5 {[%cal Rd4e6]}) 25... Rf4 26. Nd4 Re8 27. Nc6 Re4 28. Qf2 ({Better is} 28. Qd1 $14) 28... Bxe5 {[#]} (28... Rxg4 $15 {stays ahead.} 29. h3 Rh4) 29. Rxe4 $1 $16 Bxe4 30. Nxe5 Qxe5 31. Qf7 {[%csl LRa7,LRe8][%mdl 64] Double Attack} Rd8 {[%mdl 8192]} (31... Re7 $14 32. Qf8+ (32. Qxe7 Bxg2+ 33. Kxg2 Qe4+ {[%mdl 64] Double Attack} 34. Kg3 Qf4+ 35. Kg2 Qe4+ 36. Kf1 Qd3+ {[%mdl 64] Double Attack} 37. Kg2 Qe4+ $11 {[%mdl 64] Double Attack}) 32... Kd7) 32. Qb7# {Weighted Error Value: White=0.26/Black=0.45} 1-0

[Event "Caplin British Online-ch Open 2020"]
[Site "Online"]
[Date "2021.01.02"]
[Round "8.13"]
[White "Goss, Alex"]
[Black "Shearsby, Jude"]
[Result "1-0"]
[WhiteElo "1833"]
[BlackElo "1673"]
[Annotator "NA RC"]
[PlyCount "55"]
[EventDate "2020.12.21"]
[EventType "swiss"]
[EventCountry "NET"]
[SourceTitle "playchess.com"]
[Source "ChessBase"]
[SourceQuality "1"]

1. e4 {[%emt 0:00:00]} g6 {[%emt 0:00:00]} 2. d4 {[%emt 0:00:00]} Bg7 {[%emt 0:00:00]} 3. Nf3 {[%emt 0:00:00]} d6 {[%emt 0:00:00]} 4. h3 {[%emt 0:00:00]} a6 {[%emt 0:00:00]} 5. a4 {[%emt 0:00:00]} Nd7 {[%emt 0:00:00]} 6. Bd3 {[%emt 0:00:00]} Ngf6 {[%emt 0:00:00]} 7. O-O {[%emt 0:00:00]} O-O {[%emt 0:00:00]} 8. Nc3 {[%emt 0:00:00]} e5 {[%emt 0:00:00]} 9. dxe5 {[%emt 0:00:00]} dxe5 {[%emt 0:00:00]} 10. Bg5 {[%emt 0:00:00]} Re8 {[%emt 0:00:00]} 11. Qd2 {[%emt 0:00:00]} Nc5 {[%emt 0:00:00]} 12. Rad1 {[%emt 0:00:00]} Bd7 {[%emt 0:00:00]} 13. a5 {[%emt 0:00:57]} Ne6 {[%emt 0:00:00]} 14. Nxe5 {[%emt 0:04:19]} Nxg5 {[%emt 0:00:00]} 15. Qxg5 {[%emt 0:00:16]} Nxe4 {[%emt 0:06:07]} 16. Qxd8 {[%emt 0:02:16]} Raxd8 {[%emt 0:00:09]} 17. Bxe4 {[%emt 0:01:54]} Bxe5 {[%emt 0:00:34]} 18. Bxb7 {[%emt 0:00:28]} Bxc3 {[%emt 0:00:09]} 19. bxc3 {[%emt 0:00:04]} Bb5 {[%emt 0:00:05]} 20. Rfe1 {[%emt 0:00:33]} Rxd1 {[%emt 0:00:32]} 21. Rxd1 {[%emt 0:00:08]} Re2 {[%emt 0:00:03]} 22. Rd8+ {[%emt 0:00:33]} Kg7 {[%emt 0:00:06]} 23. Rc8 {[%emt 0:00:26]} Re7 {[%emt 0:01:20]} 24. Ra8 {[%emt 0:01:35]} Re6 {[%emt 0:00:23]} 25. Bd5 {[%emt 0:00:10]} Re1+ {[%emt 0:08:58]} 26. Kh2 {[%emt 0:00:18]} c6 {[%emt 0:00:38]} 27. Bb3 {[%emt 0:01:40]} Re4 {[%emt 0:02:50]} 28. f3 {[%emt 0:02:29]} 1-0

[Event "Caplin British Online-ch Open 2020"]
[Site "Online"]
[Date "2021.01.02"]
[Round "8.14"]
[White "Gordon, Sean"]
[Black "Shafi, Declan"]
[Result "0-1"]
[WhiteElo "2039"]
[BlackElo "2166"]
[Annotator "TA"]
[PlyCount "54"]
[EventDate "2020.12.21"]
[EventType "swiss"]
[EventCountry "NET"]
[SourceTitle "playchess.com"]
[Source "ChessBase"]
[SourceQuality "1"]

{[%evp 19,54,0,40,-2,0,0,0,-57,12,-102,-75,-70,-72,-192,-192,-177,-189,-160,-186,-144,-150,-307,-308,-307,-300,-445,-447,-862,-841,-773,-685,-634,-162,-158,0,-783,-610]} 1. d4 Nf6 2. c4 g6 3. Nc3 d5 4. Nf3 Bg7 5. Qb3 dxc4 6. Qxc4 O-O 7. e4 a6 8. Be2 b5 9. Qb3 c5 10. dxc5 Nbd7 {[%cal Bb8d7,Bd7c5,Bc5d3][%mdl 32]} 11. Be3 {D97: Grünfeld: Russian System: 7 e4, replies other than 7...Bg4.} Bb7 {[#]} 12. Rd1 $146 {[#] Threatens to win with e5.} ({Predecessor:} 12. h3 Nxe4 13. Nxe4 Bxe4 14. O-O Qc7 15. Rac1 Ne5 16. Nd4 e6 17. a4 Bd5 18. Qb4 a5 {0-1 (76) Baron Rodriguez,J (2335)-Remiro Juste,F (2305) San Jose 1998}) 12... Qc7 13. Qb4 (13. e5 $11 Nxe5 14. Nxe5 Qxe5 15. O-O) 13... Rac8 (13... Ng4 $1 $15) 14. Nd5 (14. e5 $11 Nxe5 15. Nxe5 Qxe5 16. O-O) 14... Nxd5 (14... Bxd5 {is more complex.} 15. exd5 Nxc5 16. d6 exd6 17. O-O Rfe8) 15. exd5 {aiming for c6.} Nxc5 16. Rc1 {[#]} (16. O-O $17 {was necessary.} Na4 17. Rd2) 16... Nd3+ $1 $19 {[%mdl 576] Discovered Attack} 17. Bxd3 Qxc1+ 18. Bxc1 Rxc1+ 19. Kd2 Rxh1 20. a4 $2 (20. Be4 $17 Re8 21. a4) 20... Bxd5 21. axb5 axb5 22. Be4 (22. Qxb5 $142 Bxf3 23. gxf3) 22... Bc4 23. g4 (23. Qxe7 $142 Rf1 24. Qh4) 23... f5 24. gxf5 Rd8+ 25. Kc2 Bh6 $2 (25... Rf1 26. Qc5 Bh6) 26. b3 Rc8 27. Nd2 $2 {[%mdl 8192]} (27. Ne5 $11 Bf7+ 28. Kd3 Rd1+ 29. Ke2 Rd2+ 30. Kf1) 27... Be2+ {Weighted Error Value: White=1.28/Black=0.78} 0-1

[Event "Caplin British Online-ch Open 2020"]
[Site "Online"]
[Date "2021.01.02"]
[Round "8.15"]
[White "Finn, Chris"]
[Black "Arora, Tashika"]
[Result "1-0"]
[WhiteElo "1930"]
[BlackElo "1744"]
[Annotator "TA"]
[PlyCount "143"]
[EventDate "2020.12.21"]
[EventType "swiss"]
[EventCountry "NET"]
[SourceTitle "playchess.com"]
[Source "ChessBase"]
[SourceQuality "1"]

{[%evp 13,142,19,49,36,38,58,60,48,93,98,111,131,127,127,127,120,166,184,243,249,263,268,346,359,346,322,336,336,342,333,359,372,388,388,378,361,393,366,388,371,405,404,378,398,435,431,475,463,446,295,462,453,462,452,440,438,451,450,448,436,606,597,1108,1104,1145,1130,1136,1129,1311,1275,1123,934,1133,1105,1480,1477,1748,1681,2800,2002,5335,5243,4898,1982,1772,1557,4874,1193,1051,0,1739,1715,3401,3124,5152,5147,4922,4786,5027,1934,2019,1916,1933,5235,29970,29971,6339,6153,5235,5163,29989,29990,29990,29991,29991,29992,29994,29995,29996,29997,29997,29997,29997,29995,29996,29997,29997,29998,29998,29999,29999]} 1. d4 Nf6 2. Nf3 d5 3. Bg5 Ne4 4. Bh4 g6 5. e3 Bg7 6. Nbd2 c5 7. c3 cxd4 8. Nxe4 {D03: 1 d4 d5 2 Nf3 Nf6 3 Bg5, including Torre Attack with early ...d5.} dxe4 9. Nxd4 O-O {[#]} 10. Qc2 $146 {White is slightly better.} ({Predecessor:} 10. Be2 Nd7 11. O-O Nf6 12. Qc2 Qb6 13. Qb3 Rd8 14. Qxb6 axb6 15. a3 Bd7 16. Rfd1 Kf8 17. Bg3 Ne8 18. Nb5 e5 19. Kf1 Ke7 20. c4 Bxb5 21. cxb5 Rxd1+ 22. Rxd1 {½-½ (22) Arulis,A (2405)-Mordas,V (2470) ICCF corr 1996}) 10... Qc7 11. Qxe4 e5 12. Nb5 Qb6 {White must now prevent ...a6.} 13. O-O-O Bf5 {[#]} 14. Qa4 Bd7 {[#] Threatening ...a6.} 15. Qb3 $1 a6 (15... Bxb5 $142 16. Qxb5 (16. Bxb5 Bf6 $16) 16... Qc7) 16. Nd6 $18 {[%mdl 64] Discovered Attack} Qxb3 17. axb3 Nc6 18. Nxb7 Bf5 19. Nd6 Be6 20. Bc4 Bxc4 21. Nxc4 ({Resist} 21. bxc4 a5 $18) 21... Rab8 22. Kc2 a5 23. Ra1 Rb5 24. Ra4 Rfb8 25. Rd1 Bf8 26. Rd7 Rc8 27. Nd6 Bxd6 28. Rxd6 Rb6 29. Rc4 Nb4+ 30. Kb1 Rxc4 31. Rd8+ ({Weaker is} 31. Rxb6 Rxh4 32. cxb4 axb4 $16) 31... Kg7 32. bxc4 {[%mdl 4096] Endgame KRB-KRN} Na6 33. Rd5 a4 34. Ra5 Rc6 35. Rxa4 Nc5 36. Ra5 e4 37. b4 Nb3 38. Rd5 Rxc4 39. Kb2 Nc1 40. Kxc1 Rxc3+ {KRB-KR} 41. Kb2 Rc6 42. Rd4 Re6 43. b5 Rb6 44. Rb4 f5 45. Kc3 Kf7 46. Kd4 Ke6 47. Kc5 Rb8 48. Kc6 Rc8+ 49. Kb7 Rf8 50. Ka6 Ra8+ 51. Kb7 Rf8 52. Ka7 Rf7+ 53. Ka6 Rf8 54. b6 Ra8+ 55. Kb7 Ra1 56. Rd4 Ra2 57. Kb8 Ra1 58. b7 Rc1 59. Ka7 Ra1+ 60. Kb6 {White threatens Rb4 and mate.} Rb1+ 61. Ka6 Ra1+ 62. Kb5 {White mates.} Rb1+ 63. Rb4 Rxb4+ 64. Kxb4 {KB-KP} Kd7 65. b8=Q Ke6 66. Qe8+ Kd6 67. Bf6 h6 68. Qe5+ Kd7 69. Kc5 h5 70. Qe7+ Kc8 71. Kc6 {[%cal Re7f8]} h4 72. Qd8# {White took control after the opening.  Weighted Error Value: White=0.03/Black=0.25} 1-0